00490nam a2200157Ia 4500001001000000003000500010008004100015010001100056040000900067100001900076245009600095260005300191300001000244440003600254650004200290Para_4483CHAP220125s1928 xx 000 0 und d a202964 cCHAP aReinhard, H. J aInvestigations on control of the cotton flea hopper in 1927 /c H. J. Reinhard, W. L. Owen aBryan, Texas :b Agriculural Experiment Station a27 p. aTexas. Agr. Exp. Sta. Bull; 380 aPsallus seriatus Algodón x Plagas